[Event "ENG-ch Schools"]
[Site "Nottingham"]
[Date "2025.06.25"]
[Round "4.5"]
[White "Jadhav, Atharv"]
[Black "Fikhter, Valentine"]
[Result "1-0"]
[WhiteElo "1570"]
[BlackElo "1482"]
[PlyCount "127"]
[EventDate "2025.06.25"]
[EventType "team-swiss"]
[EventRounds "6"]
[EventCountry "ENG"]
[SourceTitle "CB27_2025"]
[SourceDate "2025.07.02"]
[SourceVersion "1"]
[SourceVersionDate "2025.07.02"]
[SourceQuality "1"]
[WhiteTeam "Calday Grange Grammar"]
[BlackTeam "Altrincham Grammar"]
[WhiteTeamCountry "ENG"]
[BlackTeamCountry "ENG"]

1. c4 Nf6 2. Nc3 e6 3. g3 d5 4. cxd5 exd5 5. d4 Bf5 6. Bg2 Bb4 7. Qb3 Bxc3+ 8. Qxc3 h6 9. Bf4 c6 10. Nf3 0-0 11. 0-0 Re8 12. e3 Nbd7 13. a4 Ne4 14. Qb4 Qb6 15. Qxb6 Nxb6 16. b3 g5 17. Be5 Nd7 18. Rac1 Re6 19. Rfd1 f6 20. Nd2 Nxd2 21. Rxd2 fxe5 22. b4 Nb6 23. Ra2 Nc4 24. Bf1 b5 25. dxe5 Rxe5 26. axb5 cxb5 27. Ra6 Re6 28. Ra2 g4 29. Bg2 Be4 30. Bf1 Ne5 31. Bxb5 Nf3+ 32. Kf1 Nxh2+ 33. Kg1 Nf3+ 34. Kf1 Rb8 35. Bd7 Reb6 36. b5 Bd3+ 37. Kg2 Bxb5 38. Bxg4 Ne5 39. Bf5 a6 40. Rc5 Rd8 41. Rac2 Nc4 42. Rc1 Bc6 43. Be6+ Kf8 44. Rd1 Ke7 45. Bxd5 Bxd5+ 46. Rcxd5 Rbd6 47. Rxd6 Rxd6 48. Rc1 Ne5 49. f4 Rd2+ 50. Kh3 Nd3 51. Ra1 Nb4 52. Kg4 a5 53. Rxa5 Nc2 54. e4 Rd3 55. f5 Rd4 56. Kf4 Rd1 57. Ke5 Ne3 58. Ra7+ Kf8 59. Ke6 Nc4 60. Ra8+ Kg7 61. f6+ Kg6 62. Rg8+ Kh7 63. f7 Rd6+ 64. Ke7 1-0